000 00560nam a2200217Ia 4500
003 OSt
005 20230701101020.0
008 210423s9999 xx 000 0 und d
040 _cAL
041 _aeng
082 _a320.8K KARG
_223
100 _aKARNATAKA SARAKARA
_9122137
245 _aGrama panchayati kaipidi
260 _bUnited Publishers
_aLinkedIn
_c2004
300 _a38
_bPB
365 _b40
_cINR
650 _aLocal Government
_9122138
650 _aPolitical Science
_9122139
906 _aGrama ; kaipidi. ; panchayati
942 _2ddc
_cBK
999 _c173912
_d173912